00653nam a2200217 a 450000100060000000300080000600500170001400800410003103500510007204000320012304100080015508200210016310000270018424500380021126000500024930000320029950400370033160000310036865000180039983000180041718853BD-RjUL20211209000338.0140223s1954 enka b 001 0 eng d aOCLC ocm02608395 from D950331Ma(BD-RjUL)18911 aDLCcROBdUKMdBD-RjULbeng aeng a928.2bBRT 19541 aBrown, Douglas,d1921-10aThomas Hardy /cby Douglas Brown. aLondon ;aNew York :bLongmans, Green,c1954. ax,196 p. :bill. ;c20 cm. aIncludes bibliography and index.10aHardy, Thomas,d1840-1928. aHardy, Thomas 0aMen and books